Normal view
MARC view
Entry Personal Name
001 - CONTROL NUMBER
- control field: 16479
003 - CONTROL NUMBER IDENTIFIER
- control field: BD-RjUL
005 - DATE AND TIME OF LATEST TRANSACTION
- control field: 20250806103023.0
008 - FIXED-LENGTH DATA ELEMENTS
- fixed length control field: 250806|| aca||aabn | a|a d
040 ## - CATALOGING SOURCE
- Original cataloging agency: BD-RjUL
- Transcribing agency: BD-RjUL
100 ## - HEADING--PERSONAL NAME
- Personal name: Vegetius Renatus, Flavius
670 ## - SOURCE DATA FOUND
- Source citation: Work cat.: (BD-RjUL)85447: Vegetius Renatus, Flavius., Knyghthode and bataile /, 1935.